000
00390nam a22001097a 4500
082
_a
900
100
_a
वरे, डॉ. एस. एल.
_9
82077
245
_a
मध्यप्रदेश का इतिहास एवं संस्कृति
260
_a
भोपाल
_b
कैलाश पुस्तक सदन
_c
2023
650
_a
इतिहास
942
_c
HIN
999
_c
66530
_d
66530